000 00857nas a2200289 4500
001 BR0100052
003 BR-BrBNA
005 20231205102013.0
007 ta
008 230509b bl.|||p| |||| 00| 00por d
040 _aBR-BrBNA
_bpor
_cBiblioteca Nacional de Agricultura
041 _a(Pt)
072 _aH20
100 1 _aMay, L.L.
100 1 _aKimati, H.
245 1 _aControle de Phytophthora parasitica com fungicidas e efeito desses produtos no crescimento micelial de Trichoderma
650 _aFruta Citrica
650 _aControle Quimico
650 _aFungo
650 _aPodridao da Raiz
650 _aGomose
650 _aMuda
650 _aMicelio
773 0 _tSumma Phytopathologica (Brazil)
_xISSN 0100-5405
_g(Jan-Mar 2000), v. 26(1) p. 52-57
_wBR0100052
909 _a202311
_bLúcia
_c55
_dLúcia Elande
942 _2AGRIS
_n0
_cANA
999 _c165201
_d165201